[Event "Osasco Terzian Memorial"]
[Site "Osasco"]
[Date "2019.12.06"]
[Round "1"]
[White "De Assis, Fabio Nery"]
[Black "Da Silva, Isabela Ferreira Lu"]
[Result "1-0"]
[WhiteElo "1755"]
[BlackElo "1321"]
[PlyCount "71"]
[EventDate "2019.12.06"]
[EventType "swiss"]
[EventRounds "6"]
[EventCountry "BRA"]
[SourceTitle "CBM 193 Extra"]
[Source "ChessBase"]
[SourceDate "2020.01.31"]
[SourceVersion "1"]
[SourceVersionDate "2020.01.31"]
[SourceQuality "1"]

1. Nf3 d5 2. g3 Nf6 3. Bg2 c5 4. c4 d4 5. 0-0 Nc6 6. d3 Bg4 7. h3 Bh5 8. g4 Bg6 9. Qa4 e6 10. Ne5 Rc8 11. Nxc6 bxc6 12. Bxc6+ Nd7 13. Bf4 Be7 14. Nd2 Bf6 15. Nf3 Ke7 16. g5 Bxg5 17. Bxg5+ f6 18. Bxd7 Rc7 19. Bxe6 Kxe6 20. Bf4 Re7 21. Qc6+ Kf7 22. Qxc5 Qd7 23. Qd5+ Qxd5 24. cxd5 Rxe2 25. Nxd4 Rxb2 26. Rab1 Rd8 27. Rxb2 Rxd5 28. Rb7+ Kf8 29. Ne6+ Ke8 30. Nc7+ Kf8 31. Nxd5 Bxd3 32. Bd6+ Ke8 33. Rc1 Bf5 34. Rcc7 Bxh3 35. Rb8+ Bc8 36. Rbxc8# 1-0

[Event "Osasco Terzian Memorial"]
[Site "Osasco"]
[Date "2019.12.06"]
[Round "2"]
[White "Souza, Ramon Santana De"]
[Black "De Assis, Fabio Nery"]
[Result "0-1"]
[WhiteElo "1566"]
[BlackElo "1755"]
[PlyCount "89"]
[EventDate "2019.12.06"]
[EventType "swiss"]
[EventRounds "6"]
[EventCountry "BRA"]
[SourceTitle "CBM 193 Extra"]
[Source "ChessBase"]
[SourceDate "2020.01.31"]
[SourceVersion "1"]
[SourceVersionDate "2020.01.31"]
[SourceQuality "1"]

1. e4 c5 2. Nc3 Nc6 3. g3 g6 4. Bg2 Bg7 5. Nge2 Nf6 6. 0-0 0-0 7. d3 d6 8. h3 Rb8 9. Rb1 b5 10. Nd5 Nxd5 11. exd5 Nd4 12. Nxd4 cxd4 13. Bg5 Qc7 14. Qd2 Re8 15. Rfc1 b4 16. Bh6 Bh8 17. Qe2 e5 18. g4 Qe7 19. Re1 Qh4 20. Bf4 Bxg4 21. hxg4 exf4 22. Qf3 Be5 23. Kf1 Qg5 24. Ke2 Bg7+ 25. Kd2 Re5 26. Re4 Rbe8 27. Rbe1 Rxe4 28. dxe4 Qe5 29. Qd3 a5 30. a4 bxa3 31. Qxa3 d3 32. c3 f3 33. Bxf3 Qh2 34. Kxd3 Qxf2 35. Qa4 Qxf3+ 36. Re3 Qf1+ 37. Re2 Qb1+ 38. Ke3 Bh6+ 39. Kf3 Qf1+ 40. Rf2 Qh3+ 41. Ke2 Qe3+ 42. Kf1 Rxe4 43. Qd7 Qh3+ 44. Rg2 Qf3+ 45. Kg1 0-1

[Event "Sao Paulo-chT1"]
[Site "Sao Paulo"]
[Date "2019.02.24"]
[Round "4.3"]
[White "De Assis, Fabio Nery"]
[Black "Martins, Luis Carlos Ferreir"]
[Result "1/2-1/2"]
[WhiteElo "1755"]
[BlackElo "1794"]
[PlyCount "83"]
[EventDate "2019.02.23"]
[EventType "team-tourn"]
[EventRounds "7"]
[EventCountry "BRA"]
[SourceTitle "EXT 2021"]
[Source "ChessBase"]
[SourceDate "2020.10.23"]
[SourceVersion "1"]
[SourceVersionDate "2020.10.23"]
[SourceQuality "1"]
[WhiteTeam "Osasco II"]
[BlackTeam "ATC"]
[WhiteTeamCountry "BRA"]
[BlackTeamCountry "BRA"]

1. Nf3 d5 2. g3 c6 3. Bg2 Nd7 4. d4 e6 5. 0-0 f5 6. b3 Bd6 7. Ba3 Ndf6 8. Bxd6 Qxd6 9. c4 Ne7 10. Ne5 0-0 11. c5 Qc7 12. Nd2 Bd7 13. Ndf3 Ne4 14. e3 Be8 15. Ne1 Nxc5 16. Nxc6 Bxc6 17. dxc5 Bb5 18. Nd3 Bxd3 19. Qxd3 Qxc5 20. Rac1 Qb6 21. Rc2 Nc6 22. a3 Rfd8 23. Rd1 Rac8 24. Rcc1 Ne5 25. Qb1 Qa5 26. Rxc8 Rxc8 27. Qb2 Qc3 28. Qxc3 Rxc3 29. Rb1 Nd3 30. Bf1 Nc5 31. b4 Ne4 32. Ra1 Kf7 33. Ra2 Rc1 34. Kg2 Nc3 35. Rb2 Ke7 36. a4 Ne4 37. a5 Kd6 38. b5 Kc5 39. b6 axb6 40. Rb5+ Kd6 41. Rxb6+ Rc6 42. Rxb7 1/2-1/2

[Event "Paulista-ch"]
[Site "Sao Paulo"]
[Date "2018.11.10"]
[Round "4"]
[White "De Assis, Fabio Nery"]
[Black "Takano, Nicholas Ryo"]
[Result "0-1"]
[WhiteElo "1765"]
[BlackElo "1982"]
[PlyCount "64"]
[EventDate "2018.11.09"]
[EventType "swiss"]
[EventRounds "6"]
[EventCountry "BRA"]
[SourceTitle "CBM 187 Extra"]
[Source "ChessBase"]
[SourceDate "2018.11.04"]
[SourceVersion "1"]
[SourceVersionDate "2018.11.04"]
[SourceQuality "1"]

1. Nf3 Nf6 2. d4 g6 3. c4 Bg7 4. Nc3 0-0 5. e4 d6 6. Be2 Nbd7 7. 0-0 e5 8. d5 Nc5 9. Qc2 a5 10. Be3 Ne8 11. Nd2 f5 12. f3 f4 13. Bf2 Nf6 14. Nb3 b6 15. Nxc5 bxc5 16. Be1 g5 17. h3 h5 18. Qd1 Qe8 19. Rf2 Qg6 20. Kf1 Rb8 21. b3 g4 22. hxg4 hxg4 23. Bd3 g3 24. Rc2 Qh5 25. Ne2 Ng4 26. fxg4 Bxg4 27. Bf2 gxf2 28. Kxf2 f3 29. gxf3 Rxf3+ 30. Ke1 Qh1+ 31. Kd2 Rxd3+ 32. Kxd3 Qf3+ 0-1

[Event "Ribeirao Preto op"]
[Site "Ribeirao Preto"]
[Date "2014.04.04"]
[Round "1"]
[White "De Assis, Fabio Nery"]
[Black "Moreira, Alexandre Augusto"]
[Result "0-1"]
[WhiteElo "1810"]
[BlackElo "1874"]
[PlyCount "62"]
[EventDate "2014.04.04"]
[EventType "swiss"]
[EventRounds "6"]
[EventCountry "BRA"]
[SourceTitle "CBM 159 Extra"]
[Source "ChessBase"]
[SourceDate "2014.04.24"]
[SourceVersion "1"]
[SourceVersionDate "2014.04.24"]
[SourceQuality "1"]

1. e4 d5 2. exd5 Qxd5 3. Nc3 Qa5 4. Bc4 Nf6 5. Nf3 c6 6. 0-0 Bg4 7. h3 Bh5 8. Re1 e6 9. Qe2 Nbd7 10. Bxe6 fxe6 11. Qxe6+ Kd8 12. Ne5 Nxe5 13. Rxe5 Qc7 14. d4 Qd7 15. Qb3 Bd6 16. Re1 Kc7 17. Be3 Rhe8 18. Rac1 Ne4 19. d5 Nxc3 20. Qxc3 Be5 21. dxc6 Qxc6 22. Qxc6+ Kxc6 23. c3 b6 24. f4 Bf6 25. Kf2 Re4 26. Bd2 Rae8 27. Rxe4 Rxe4 28. Re1 Kd5 29. Rxe4 Kxe4 30. g4 Bf7 31. a3 Kd3 0-1